En lo alto del instante / (Registro nro. 9669)

Detalles MARC
000 -CABECERA
Longitud fija campo de control 00882nam a2200277 a 4500
003 - • IDENTIFICADOR DELl NÚMERO DE CONTROL
Identificador del número de control CO-ViMGA
005 - • FECHA Y HORA DE LA ÚLTIMA TRANSACCIÓN
Fecha y hora de la última transacción 20230915223220.0
008 - • CÓDIGOS DE INFORMACIÓN DE LONGITUD FIJA
Códigos de información de longitud fija 111001s2010 ck gr 0001pdspa d
020 ## - • NÚMERO INTERNACIONAL NORMALIZADO PARA LIBROS
Número Internacional Normalizado para Libros (ISBN) 9789587106336
040 ## - FUENTE DE LA CATALOGACIÓN
Centro catalogador de origen CO-ViMGA
Lengua de catalogación spa
Centro transcriptor CO-ViMGA
040 ## - FUENTE DE LA CATALOGACIÓN
Centro catalogador de origen CO-BoBLA
Lengua de catalogación spa
Centro transcriptor CO-BoBLA
043 ## - CÓDIGO DE ÁREA GEOGRÁFICA
Código de área geográfica s-ck---
082 04 - • NÚMERO DE LA CLASIFICACIÓN DECIMAL DEWEY
Número de clasificación (R) Co861.6
Número del ítem O76e9
Número de edición 19
100 1# - • PUNTO DE ACCESO PRINCIPAL-NOMBRE DE PERSONA
Nombre de persona Orozco Tovar, Armando,
Fechas asociadas al nombre 1943-
240 10 - • TÍTULO UNIFORME
Título uniforme <a href="Chocó-Bibliografía regional">Chocó-Bibliografía regional</a>
245 10 - • TITULO PROPIAMENTE DICHO
Título En lo alto del instante /
Mención de responsabilidad, etc. Armando Orozco Tovar.
300 ## - • DESCRIPCI&Oacute;N F&Iacute;SICA
Extensión 73 p. ;
Dimensiones 15 cm.
490 0# - • MENCI&Oacute;N DE SERIE
Mención de serie El malpensante
490 0# - • MENCI&Oacute;N DE SERIE
Mención de serie Un libro por centavos ;
Designación de volumen o secuencia 65
650 14 - • PUNTO DE ACCESO ADICIONAL DE MATERIA - T&Eacute;RMINO DE MATERIA
Término de materia o nombre geográfico como elemento inicial Poesía colombiana.
650 14 - • PUNTO DE ACCESO ADICIONAL DE MATERIA - T&Eacute;RMINO DE MATERIA
Término de materia o nombre geográfico como elemento inicial Viajes
Subdivisión de forma Poesías.
650 #4 - • PUNTO DE ACCESO ADICIONAL DE MATERIA - T&Eacute;RMINO DE MATERIA
Término de materia o nombre geográfico como elemento inicial Cometas
Subdivisión de forma Poesías.
650 #4 - • PUNTO DE ACCESO ADICIONAL DE MATERIA - T&Eacute;RMINO DE MATERIA
Término de materia o nombre geográfico como elemento inicial Miedo
Subdivisión de forma Poesías.
942 ## - ENTRADA DE ELEMENTOS AGREGADOS (KOHA)
Fuente de clasificaión o esquema Dewey Decimal Classification
Koha [por defecto] tipo de item LIbro
Existencias
Perdido Fuente de clasificaci&oacute;n o esquema Estado Físico No para pr&eacute;stamo Forma de adquisición Localizaci&oacute;n permanente Localizaci&oacute;n actual Localización en estanterías Fecha adquisici&oacute;n Pr&eacute;stamos totales C&oacute;digo de barras Fecha &uacute;ltima consulta N&uacute;mero de copia Fecha del precio de reemplazo Tipo de item de Koha Signatura completa Fuente de adquisici&oacute;n
  Dewey Decimal Classification     Infantil Biblioteca Pública San Carlos de Guaroa - Eduardo Carranza Biblioteca Pública San Carlos de Guaroa - Eduardo Carranza Sala Infantil 06/15/2023   SG00579 06/15/2023 Ej.1 06/15/2023 Libro Literatura    
  Dewey Decimal Classification     Sala General Biblioteca Movil - Villavicencio Biblioteca Movil - Villavicencio   08/31/2016   30994 08/31/2016 Ej. 1 08/31/2016 LIbro Co861.6 O76e9  
  Dewey Decimal Classification     Literatura General Biblioteca Pública Granada - Boca del Monte Biblioteca Pública Granada - Boca del Monte Literatura 02/24/2026   GRDA02126 02/24/2026 Ej.1 02/24/2026 LIbro P-ORO BIBLIOTECA NACIONAL









Instituto Departamental de Cultura del Meta - Red Departamental de Bibliotecas Públicas del Meta.